New opportunities for using silicone rubber (Record no. 63864)

MARC details
000 -LEADER
fixed length control field 00376nam a2200145Ia 4500
100 ## - MAIN ENTRY--AUTHOR NAME
Personal name Benter Maike
245 #0 - TITLE STATEMENT
Title New opportunities for using silicone rubber
260 ## - PUBLICATION, DISTRIBUTION, ETC. (IMPRINT)
Name of publisher Rubber World
Year of publication 2007
300 ## - PHYSICAL DESCRIPTION
Number of Pages 16-18
650 ## - SUBJECT ADDED ENTRY--TOPICAL TERM
Topical Term Silicone rubber
700 ## - ADDED ENTRY--PERSONAL NAME
Personal name Andersen Thomas Emil
700 ## - ADDED ENTRY--PERSONAL NAME
Personal name Jensen Anne-Marie
942 ## - ADDED ENTRY ELEMENTS (KOHA)
Koha item type Journals
Holdings
Withdrawn status Lost status Damaged status Not for loan Home library Current library Shelving location Date acquired Serial Enumeration / chronology Koha item type
      Journals RRII Library RRII Library Rubber technology 16/07/2007 Volume 236, Issue 3 Journals